[Event "Berlin-ch Seniors op 37th"]
[Site "Berlin"]
[Date "2021.06.12"]
[Round "5"]
[White "Gaertner, Michael"]
[Black "Schikowski, Karl Heinz"]
[Result "1-0"]
[WhiteElo "1686"]
[BlackElo "1047"]
[PlyCount "75"]
[EventDate "2021.06.08"]
[EventType "swiss"]
[EventRounds "9"]
[EventCountry "GER"]
[SourceTitle "EXT 2022"]
[Source "ChessBase"]
[SourceDate "2021.10.06"]
[SourceVersion "1"]
[SourceVersionDate "2021.10.06"]
[SourceQuality "1"]

1. e4 e5 2. Nf3 Nc6 3. Nc3 a6 4. Bc4 h5 5. d3 b5 6. Bd5 b4 7. Ne2 Rb8 8. Bxc6 dxc6 9. Nxe5 Qf6 10. Nf3 Bg4 11. Bg5 Qxb2 12. Bf4 Bd6 13. Be3 Bxf3 14. gxf3 Qf6 15. Ng3 g6 16. d4 h4 17. e5 Qe6 18. Ne4 Be7 19. Qd3 Ra8 20. Qb3 Qh3 21. Ke2 Qc8 22. Qc4 Qe6 23. Qxe6 fxe6 24. Rag1 Kf7 25. Ng5+ Bxg5 26. Bxg5 Rd8 27. Bxd8 Nh6 28. Bg5 Nf5 29. Be3 a5 30. Kd3 h3 31. a3 c5 32. dxc5 c6 33. axb4 Rh4 34. bxa5 Rb4 35. a6 Rb8 36. a7 Ra8 37. Rb1 Ne7 38. Rb8 1-0